Malaysia's emerald crown : Exploring the world's oldest tropical rain forest

Bibliographic Details
Main Author: UCHIDA
Format: Book
Published: Kuala Lumpur : Tropical Press , 1996
Subjects:

MARC

LEADER 00000cam a2200000 7i4500
001 0000000429
005 20030528.0
020 0 0 |a 967730092X 
090 0 0 |a MR634.909595   |b UCH 1996 
100 1 0 |a UCHIDA   |h Deborah 
245 1 0 |a Malaysia's emerald crown :   |b Exploring the world's oldest tropical rain forest   |c Deborah Uchida 
260 0 0 |a Kuala Lumpur :   |b Tropical Press ,   |c 1996 
300 |a 183 p. :   |b col. ill. ;   |c 30 cm. 
500 0 0 |a Bibliography: [p. 179-180] and index 
650 0 0 |a Forests and forestry   |z Malaysia 
650 0 0 |a Rain forests   |z Malaysia 
998 |a JPSM 
999 |a 0000001561   |b Monograph   |c Reference   |e Default branch